00705cam a22002171 4500001001300000003000400013005001700017008004100034010001700075035001900092040002700111042001200138050001500150100003400165245009500199260003600294300003600330504004100366650002900407700005100436sg 45000261 DLC20260227112746.0761027s1945 moua b 000 0 eng  asg 45000261  a(OCoLC)2532296 aDLCcOClUdOClW-HdDLC apremarc00aRC341b.K31 aKarnosh, Louis Joseph,d1892-12aA handbook of psychiatry,cby Louis J. Karnosh with the collaboration of Edward M. Zucker. aSt. Louis,bC. V. Mosby,c1945. a302 p.billus., diagrs.c23 cm. a"References" at end of each chapter. 0aPsychology, Pathological1 aZucker, Edward Mitchell,d1913-ejoint author.